Hands-on ethical hacking and network defense / (Record no. 188908)
[ view plain ]
| 000 -LEADER | |
|---|---|
| fixed length control field | 01254 a2200205 4500 |
| 003 - CONTROL NUMBER IDENTIFIER | |
| control field | Nust |
| 005 - DATE AND TIME OF LATEST TRANSACTION | |
| control field | 20231205091303.0 |
| 010 ## - LIBRARY OF CONGRESS CONTROL NUMBER | |
| LC control number | 2010922642 |
| 020 ## - INTERNATIONAL STANDARD BOOK NUMBER | |
| International Standard Book Number | 9781435486096 |
| 040 ## - CATALOGING SOURCE | |
| Transcribing agency | Nust |
| 082 ## - DEWEY DECIMAL CLASSIFICATION NUMBER | |
| Classification number | 005.38,SIM |
| 100 1# - MAIN ENTRY--PERSONAL NAME | |
| Personal name | Michael, T Simpson, Kent Backman, James E. Corley |
| 9 (RLIN) | 119455 |
| 245 10 - TITLE STATEMENT | |
| Title | Hands-on ethical hacking and network defense / |
| Statement of responsibility, etc. | Michael T Simpson, Kent Backman, James E. Corley |
| 250 ## - EDITION STATEMENT | |
| Edition statement | 2nd Ed. |
| 260 ## - PUBLICATION, DISTRIBUTION, ETC. | |
| Place of publication, distribution, etc. | Boston, MA : |
| Name of publisher, distributor, etc. | Course Technology, |
| Date of publication, distribution, etc. | 2010. |
| 300 ## - PHYSICAL DESCRIPTION | |
| Extent | p. cm. |
| 505 ## - FORMATTED CONTENTS NOTE | |
| Formatted contents note | Chapter 1 Ethical Hacking Overview (Page-1), Chapter 2 TCP/IP Concepts Review (Page-23), Chapter 3 Network and Computer Attacks (Page-51), Chapter 4 Footprinting and Social Engineering (Page-77), Chapter 5 Port Scanning (Page-109),Chapter 6 Enumeration (Page-131), Chapter 7 Programming for Security Professionals (Page-165), Chapter 8 Desktop and Server OS Vulnerabilities (Page-203), Chapter 9 Embedded Operating Systems: The Hidden Threat (Page-239), Chapter 10 Hacking Web Servers (Page-263), Chapter 11 Hacking Wireless Networks (Page-303), Chapter 12 Cryptography (Page-333), Chapter 13 Network Protection Systems (Page-371), Legal Resources (Page-401). |
| 651 ## - SUBJECT ADDED ENTRY--GEOGRAPHIC NAME | |
| Geographic name | (Include CD) |
| 9 (RLIN) | 8953 |
| 942 ## - ADDED ENTRY ELEMENTS (KOHA) | |
| Source of classification or shelving scheme | |
| Koha item type | Book |
| Call number prefix | 005.38,SIM |
| Withdrawn status | Lost status | Source of classification or shelving scheme | Damaged status | Not for loan | Permanent Location | Current Location | Shelving location | Date acquired | Full call number | Barcode | Date last seen | Price effective from | Koha item type | Public note |
|---|---|---|---|---|---|---|---|---|---|---|---|---|---|---|
| Military College of Signals (MCS) | Military College of Signals (MCS) | General Stacks | 12/12/2016 | 005.38,SIM | MCS34754 | 12/08/2016 | 12/12/2016 | Book | Almirah No.6, Shelf No.1 |
